Al cumplise diez años de "Descargo de conciencia" / (Record no. 182811)

MARC details
000 -LEADER
campo de control de longitud fija 00668nam a2200181 i 4500
001 - NÚMERO DE CONTROL
campo de control 182811
003 - IDENTIFICADOR DE NÚMERO DE CONTROL
campo de control ES-MaACL
005 - FECHA Y HORA DE LA ÚLTIMA TRANSACCIÓN
campo de control 20250628032237.0
008 - DATOS DE LONGITUD FIJA--INFORMACIÓN GENERAL
campo de control de longitud fija 131106s1987 sp |||| | spa d
100 1# - ENTRADA PRINCIPAL--NOMBRE DE PERSONA
Nombre de persona Vega Díaz, Francisco,
Fechas asociadas al nombre 1907-1995
9 (RLIN) 113597
Término indicativo de función/relación Autor
245 10 - MENCIÓN DEL TÍTULO
Título Al cumplise diez años de "Descargo de conciencia" /
Mención de responsabilidad, etc. Francisco Vega Díaz.
260 ## - PUBLICACIÓN, DISTRIBUCIÓN, ETC.
Lugar de publicación, distribución, etc. [Madrid] :
Nombre del editor, distribuidor, etc. Cuadernos Hispanoamericanos,
Fecha de publicación, distribución, etc. 1987.
300 ## - DESCRIPCIÓN FÍSICA
Extensión Páginas [127]-132 :
Otras características físicas ilustraciones ;
Dimensiones 24 cm.
600 14 - PUNTO DE ACCESO ADICIONAL DE MATERIA--NOMBRE DE PERSONA
Nombre de persona Laín Entralgo, Pedro,
Fechas asociadas al nombre 1908-2001
9 (RLIN) 69681
852 ## - LOCALIZACIÓN
Ubicación ES-MaACL
Ubicación en estantería Depósito folletos
Donativo/Legado Donat. herederos José Prat
Número de control de estantería 2329-F-23
942 ## - ELEMENTOS DE ENTRADA SECUNDARIOS (KOHA)
Fuente del sistema de clasificación o colocación Clasificación decimal universal
Tipo de ítem Koha Folleto
Suprimir en OPAC No
Holdings
Estatus retirado Estado de pérdida Estado de daño No para préstamo Colección Biblioteca de origen Biblioteca actual Ubicación en estantería Fecha de adquisición Fuente de adquisición Total de préstamos Signatura topográfica completa Código de barras Visto por última vez Precio de reemplazo Tipo de ítem Koha
        Colección de folletos Biblioteca del Ateneo de Madrid Biblioteca del Ateneo de Madrid Depósito folletos 06/11/2013     2329-F-23 1192127 23/02/2023 23/02/2023 Folleto